Online Catalogue and eLibrary

Sunimal (Record no. 4861)

MARC details
000 -LEADER
fixed length control field 00382nam a2200169Ia 4500
005 - DATE AND TIME OF LATEST TRANSACTION
control field 20250703161516.0
008 - FIXED-LENGTH DATA ELEMENTS--GENERAL INFORMATION
fixed length control field 240331s9999 xx 000 0 und d
020 ## - INTERNATIONAL STANDARD BOOK NUMBER
ISBN 9559095005
082 ## - DDC Classification
Item Number - Author Mark DES
Class No. 891
100 ## - MAIN ENTRY--PERSONAL NAME
Personal name De Silva,A
245 #0 - TITLE STATEMENT
Title Sunimal
250 ## - EDITION STATEMENT
Edition statement 2nd
260 ## - PUBLICATION, DISTRIBUTION, ETC.
Place of publication, distribution, etc. Colombo
Name of publisher, distributor, etc. S. Godage & Brothers
Date of publication, distribution, etc. 1999
300 ## - PHYSICAL DESCRIPTION
Extent (e.g. Volumes, Pages etc.) 110 p .,
650 ## - SUBJECT ADDED ENTRY--TOPICAL TERM
Topical term or geographic name entry element Young Novel
942 ## - Koha item type (Biblio)
Koha item type Books in Stacks (Lending)
Holdings
Lost status Damaged status Collection code Home library Current library Shelving location Date acquired Full call number Accession Number Item type
    Lending WERC Library WERC Library Social Science Cupboard 03/31/2024 891.48 DES 4146 Books in Stacks (Lending)

© WERC Library